000 00544cam a22002291 4500
001 sa 67007008
003 DLC
005 20260227112412.0
008 940804s1967 ii 000 1 gujo
010 _asa 67007008
025 _aPL480:I-Gu-860
035 _a(OCoLC)30883935
040 _aDLC
_cCU
_dCU
_dDLC
042 _apremarc
050 0 0 _aPK1859.B47
_bS2
100 1 _aVasubahena,
_d1924-
245 1 0 _aSarasija.
260 _c[1966, i.e. 1967]
300 _a223 p.
_c19 cm.
500 _aIn Gujarati.
500 _aShort stories.
999 _c76287
_d76287